<?xml version="1.0" encoding="UTF-8"?>
<record
    xmlns:xsi="http://www.w3.org/2001/XMLSchema-instance"
    xsi:schemaLocation="http://www.loc.gov/MARC21/slim http://www.loc.gov/standards/marcxml/schema/MARC21slim.xsd"
    xmlns="http://www.loc.gov/MARC21/slim">

  <leader>01175nim a2200349 a 4500</leader>
  <datafield tag="999" ind1=" " ind2=" ">
    <subfield code="c">23559</subfield>
    <subfield code="d">23559</subfield>
  </datafield>
  <controlfield tag="001">vtls000673244</controlfield>
  <controlfield tag="005">20230920115420.0</controlfield>
  <controlfield tag="007">sd fsngnnmmnud</controlfield>
  <controlfield tag="008">201209s2019    xo nnnnf       f  n slo c</controlfield>
  <datafield tag="020" ind1=" " ind2=" ">
    <subfield code="a">9788018085219</subfield>
  </datafield>
  <datafield tag="035" ind1=" " ind2=" ">
    <subfield code="a">a000673244</subfield>
  </datafield>
  <datafield tag="040" ind1=" " ind2=" ">
    <subfield code="a">LESKN</subfield>
    <subfield code="b">slo</subfield>
    <subfield code="c">UKB</subfield>
    <subfield code="e">AACR2</subfield>
  </datafield>
  <datafield tag="041" ind1="1" ind2=" ">
    <subfield code="a">slo</subfield>
    <subfield code="h">eng</subfield>
  </datafield>
  <datafield tag="044" ind1=" " ind2=" ">
    <subfield code="a">xo</subfield>
    <subfield code="c">SK</subfield>
  </datafield>
  <datafield tag="072" ind1=" " ind2="7">
    <subfield code="a">821.111(73)-3</subfield>
    <subfield code="x">Americk&#xE1; pr&#xF3;za</subfield>
    <subfield code="2">konspekt</subfield>
  </datafield>
  <datafield tag="080" ind1=" " ind2=" ">
    <subfield code="a">(086.76)</subfield>
    <subfield code="2">2011</subfield>
  </datafield>
  <datafield tag="080" ind1=" " ind2=" ">
    <subfield code="a">821.111(73)-31</subfield>
    <subfield code="2">2011</subfield>
  </datafield>
  <datafield tag="080" ind1=" " ind2=" ">
    <subfield code="a">(0:82-312.4)</subfield>
    <subfield code="2">2011</subfield>
  </datafield>
  <datafield tag="080" ind1=" " ind2=" ">
    <subfield code="a">(0:82-311.4)</subfield>
    <subfield code="2">2011</subfield>
  </datafield>
  <datafield tag="100" ind1="1" ind2=" ">
    <subfield code="a">Grisham, John,</subfield>
    <subfield code="d">1955-</subfield>
    <subfield code="9">3361</subfield>
  </datafield>
  <datafield tag="240" ind1="1" ind2="4">
    <subfield code="a">The client.</subfield>
    <subfield code="l">Slovensky</subfield>
  </datafield>
  <datafield tag="245" ind1="1" ind2="0">
    <subfield code="a">Klient</subfield>
    <subfield code="h">elektronick&#xFD; zdroj</subfield>
    <subfield code="c">John Grisham ; &#x10D;&#xED;ta: Igor Makovick&#xFD;</subfield>
  </datafield>
  <datafield tag="260" ind1=" " ind2=" ">
    <subfield code="a">Levo&#x10D;a</subfield>
    <subfield code="b">Slovensk&#xE1; kni&#x17E;nica pre nevidiacich Mateja Hrebendu v Levo&#x10D;i</subfield>
    <subfield code="c">2019</subfield>
  </datafield>
  <datafield tag="300" ind1=" " ind2=" ">
    <subfield code="a">1 elektronick&#xFD; optick&#xFD; disk (CD-ROM)</subfield>
    <subfield code="b">digit&#xE1;lny, mono</subfield>
    <subfield code="c">12cm</subfield>
  </datafield>
  <datafield tag="650" ind1="0" ind2="7">
    <subfield code="a">mafia</subfield>
    <subfield code="2">UKBPH</subfield>
    <subfield code="9">3888</subfield>
  </datafield>
  <datafield tag="655" ind1=" " ind2="7">
    <subfield code="a">zvukov&#xE9; dokumenty</subfield>
    <subfield code="2">UKBPH</subfield>
    <subfield code="9">3634</subfield>
  </datafield>
  <datafield tag="655" ind1=" " ind2="7">
    <subfield code="a">americk&#xE9; rom&#xE1;ny</subfield>
    <subfield code="2">UKBPH</subfield>
    <subfield code="9">2</subfield>
  </datafield>
  <datafield tag="655" ind1=" " ind2="7">
    <subfield code="a">spolo&#x10D;ensk&#xE9; rom&#xE1;ny</subfield>
    <subfield code="2">UKBPH</subfield>
    <subfield code="9">12</subfield>
  </datafield>
  <datafield tag="655" ind1=" " ind2="7">
    <subfield code="a">krimin&#xE1;lne rom&#xE1;ny</subfield>
    <subfield code="2">UKBPH</subfield>
    <subfield code="9">3889</subfield>
  </datafield>
  <datafield tag="655" ind1=" " ind2="7">
    <subfield code="a">CD-ROM</subfield>
    <subfield code="2">UKBPH</subfield>
    <subfield code="9">3890</subfield>
  </datafield>
  <datafield tag="700" ind1="1" ind2=" ">
    <subfield code="a">Makovick&#xFD;, Igor</subfield>
    <subfield code="4">nrt</subfield>
    <subfield code="9">3891</subfield>
  </datafield>
  <datafield tag="952" ind1=" " ind2=" ">
    <subfield code="0">0</subfield>
    <subfield code="1">0</subfield>
    <subfield code="2">udc</subfield>
    <subfield code="4">0</subfield>
    <subfield code="7">0</subfield>
    <subfield code="8">K</subfield>
    <subfield code="a">10000</subfield>
    <subfield code="b">10000</subfield>
    <subfield code="d">2023-09-20</subfield>
    <subfield code="g">5.00</subfield>
    <subfield code="i">21888</subfield>
    <subfield code="l">4</subfield>
    <subfield code="o">b10638</subfield>
    <subfield code="p">B10638</subfield>
    <subfield code="r">2026-01-07</subfield>
    <subfield code="s">2025-12-12</subfield>
    <subfield code="w">2023-09-20</subfield>
    <subfield code="y">KLDO</subfield>
  </datafield>
</record>
